|
|
|
|
| LEADER |
00000nab a2200000 a 4500 |
| 001 |
vtls009451772 |
| 003 |
SK-MaSNL |
| 005 |
20260304153029.0 |
| 008 |
250506c2008 xo |||||||||||000 b|slo |
| 015 |
|
|
|a SNBRB2008/12
|2 snkbucl
|
| 035 |
|
|
|a (uuid)56604344-6102-44af-84a4-ad09e536dd86
|
| 035 |
|
|
|a urn:nbn:sk:snk-ab9etz
|
| 035 |
|
|
|a (urnnbn)urn:nbn:sk:snk:ar-a08buh
|
| 038 |
|
|
|a SNKBUCL
|
| 040 |
|
|
|a SNKBUCL
|b slo
|c SNKBUCL
|e AACR2
|
| 041 |
0 |
|
|a slo
|
| 044 |
|
|
|a xo
|c SK
|
| 080 |
|
|
|a 674.002.3:061.4
|2 1997
|
| 080 |
|
|
|a 684.4.002.3:061.4
|2 1997
|
| 080 |
|
|
|a 674.4.05:061.4
|2 1997
|
| 245 |
0 |
0 |
|a Diskusné fóra MNS 2008 zamerané na drevospracujúci priemysel
|n II.
|
| 300 |
|
|
|b Fotogr.
|
| 611 |
2 |
7 |
|a LIGNUMEXPO
|n (16. :
|d 2008 :
|c Nitra, Slovensko)
|p Materiály, Novinky, Servis
|2 snkbucl
|9 1475827
|
| 611 |
2 |
7 |
|a Materiály, Novinky, Servis
|n (4. :
|d 2008 :
|c Nitra, Slovensko)
|2 snkbucl
|9 1475828
|
| 650 |
0 |
7 |
|a drevársky priemysel
|2 snkbucl
|9 1117
|
| 650 |
0 |
7 |
|a nábytkársky priemysel
|2 snkbucl
|9 72681
|
| 650 |
0 |
7 |
|a materiály
|2 snkbucl
|9 1041
|
| 651 |
|
7 |
|a Nitra (Slovensko)
|2 snkbucl
|9 15714
|
| 773 |
0 |
|
|t Stolársky magazín
|g Roč. 9, č. 11 (2008), s. 49
|x 1335-7018
|
| 850 |
|
|
|a Slovenská národná knižnica
|
| 852 |
|
|
|a Slovenská národná knižnica
|
| 954 |
|
|
|a odborná, vedecká literatúra pôvodná (slovenská)
|2 lita
|
| 958 |
|
|
|a article13
|
| 958 |
|
|
|a OND
|
| 958 |
|
|
|a SK
|
| 958 |
|
|
|a EUIPO
|
| 999 |
|
|
|c 2952154
|d 2954084
|